Statistics for European Countries by Single Word

Click here to take the quiz!

General Stats

  • This quiz has been taken 178 times
  • The average score is 12 of 15

Answer Stats

WordCountry% Correct
OlympusGreece
99%
PopeVatican City
98%
FjordsNorway
96%
KremlinRussia
96%
TransylvaniaRomania
94%
MerkelGermany
93%
GuinnessIreland
89%
TapasSpain
89%
TulipsNetherlands
88%
ProvenceFrance
84%
SaunaFinland
83%
LiraItaly
80%
RomanshSwitzerland
64%
SkypeEstonia
48%
BledSlovenia
34%

Score Distribution

Percentile by Number Answered

Percent of People with Each Score

Your Score History

You have not taken this quiz